| Tag |
First Indicator |
Second Indicator |
Subfields |
| LEADER |
00000cam a22000007a 4500 |
| 001 |
in00000016410 |
| 005 |
20151007052751.0 |
| 008 |
870716s1987 gw a b 00110 ger d |
| 020 |
|
|
|a 3534022831
|
| 035 |
|
|
|a (OCoLC)16278497
|
| 035 |
|
|
|9 AAA9098AM
|
| 040 |
|
|
|a NLM
|c NLM
|d TXA
|d UtOrBLW
|
| 049 |
|
|
|a TXAM
|c [A11049488]
|
| 050 |
|
4 |
|a R727.3
|b .A57 1987
|
| 060 |
0 |
0 |
|a FF2747
|
| 100 |
1 |
|
|a Anschütz, Felix.
|
| 245 |
1 |
0 |
|a Ärztliches Handeln :
|b Grundlagen, Möglichkeiten, Grenzen, Widersprüche /
|c Felix Anschütz.
|
| 264 |
|
1 |
|a Darmstadt :
|b Wissenschaftliche Buchgesellschaft,
|c 1987.
|
| 300 |
|
|
|a xiii, 283 pages :
|b illustrations
|
| 336 |
|
|
|a text
|b txt
|2 rdacontent
|
| 337 |
|
|
|a unmediated
|b n
|2 rdamedia
|
| 338 |
|
|
|a volume
|b nc
|2 rdacarrier
|
| 504 |
|
|
|a Bibliography: pages [267]-278.
|
| 500 |
|
|
|a Includes index.
|
| 650 |
|
0 |
|a Physician and patient.
|
| 999 |
|
|
|a MARS
|
| 999 |
f |
f |
|s 6c394f2f-179a-36aa-9995-4ac5c068a4fe
|i 2901f196-107a-332b-9a65-fda651ff58b9
|t 0
|
| 952 |
f |
f |
|p ric
|a Texas A&M University
|b Rellis Campus
|c Joint Library Facility
|d Remote Storage
|t 0
|e R727.3 .A57 1987
|h Library of Congress classification
|i unmediated -- volume
|m A14811049488
|
| 998 |
f |
f |
|a R727.3 .A57 1987
|t 0
|l Remote Storage
|